5HLuxD.jpg

KING HENRY VIII SENIOR AND PRIMARY SCHOOL LIBRARY OPAC

Concise Oxford thesaurus / (Record no. 2911)

000 -LEADER
fixed length control field 00787cam a2200253 a 4500
001 - CONTROL NUMBER
control field 14890460
003 - CONTROL NUMBER IDENTIFIER
control field OSt
005 - DATE AND TIME OF LATEST TRANSACTION
control field 20230912074440.0
008 - FIXED-LENGTH DATA ELEMENTS--GENERAL INFORMATION
fixed length control field 070613s2007 enk 000 0 eng
010 ## - LIBRARY OF CONGRESS CONTROL NUMBER
LC control number 2007024570
020 ## - INTERNATIONAL STANDARD BOOK NUMBER
International Standard Book Number 9780199215133
040 ## - CATALOGING SOURCE
Original cataloging agency DLC
Transcribing agency DLC
Modifying agency DLC
-- KH8
082 00 - DEWEY DECIMAL CLASSIFICATION NUMBER
Classification number 423.12 CON
Edition number 22
130 ## - MAIN ENTRY--UNIFORM TITLE
Uniform title Concise Oxford thesaurus
245 00 - TITLE STATEMENT
Title Concise Oxford thesaurus /
Statement of responsibility, etc. edited by Sara Hawker, Maurice Waite.
250 ## - EDITION STATEMENT
Edition statement 3rd ed.
260 ## - PUBLICATION, DISTRIBUTION, ETC.
Place of publication, distribution, etc. Oxford ;
-- New York :
Name of publisher, distributor, etc. Oxford University Press,
Date of publication, distribution, etc. 2007.
300 ## - PHYSICAL DESCRIPTION
Extent x, 941 p. ;
Dimensions 24 cm.
500 ## - GENERAL NOTE
General note Rev. and updated ed. of : Concise Oxford thesaurus, 2nd ed.
650 #0 - SUBJECT ADDED ENTRY--TOPICAL TERM
Topical term or geographic name entry element English language
General subdivision Synonyms and antonyms.
700 1# - ADDED ENTRY--PERSONAL NAME
Personal name Hawker, Sara,
Relator term editor.
700 1# - ADDED ENTRY--PERSONAL NAME
Personal name Waite, Maurice,
Relator term editor.
942 ## - ADDED ENTRY ELEMENTS (KOHA)
Source of classification or shelving scheme
Koha item type Teaching Resources
Holdings
Withdrawn status Lost status Source of classification or shelving scheme Damaged status Not for loan Collection code Permanent Location Current Location Shelving location Date acquired Total Checkouts Full call number Barcode Date last seen Date last checked out Price effective from Koha item type Date due
          Teaching Resources KH8 Senior School Library KH8 Senior School Library Staff Office 2023-09-12 1 423.12 CON TRKHSL002938 2025-07-16 2024-11-07 2023-09-12 Teaching Resources  
          Teaching Resources KH8 Senior School Library KH8 Senior School Library Staff Office 2023-09-12 1 423.12 CON TRKHSL002939 2024-11-07 2024-11-07 2023-09-12 Teaching Resources 2025-07-04

Powered By KH8 IT Dept